Statistiques concernant Capitales mondiales les plus proches d’Amsterdam

Cliquez ici pour prendre le quiz!

Statistiques générales

  • Ce quiz a été pris 107 fois
  • Le résultat moyen est 16 sur 20

Statistiques - réponses

kmcapitale% Correct
173Bruxelles
100%
430Paris
100%
358Londres
99%
578Berlin
97%
914Oslo
97%
319Luxembourg
93%
622Copenhague
90%
1098Varsovie
89%
631Berne
88%
756Dublin
88%
1125Stockholm
88%
936Vienne
88%
713Prague
82%
670Vaduz
67%
987Bratislava
65%
979Monaco
63%
1126Andorre-la-Vieille
53%
1086Zagreb
51%
1091Saint-Marin
43%
989Ljubljana
37%

Distribution des résultats

Percentile par nombre de réponses

% des personnes avec chaque résultat

Votre développement - résultats

Vous n’avez pas pris ce quiz